000 00642nam a2200217Ia 4500
003 OSt
005 20230502153530.0
008 210423s2020 xx 000 0 und d
020 _a978-93-89951-47-9
040 _cAL
041 _aeng
082 _a363.700954
_223
_bKHEE
100 _aKHEMCHANDANI (Beena S)
_996338
245 _aEnvironmental protection: an avenue for better tomorrow
260 _aMumbai
_bHimalaya Publishing House
_c2020
300 _aviii,265
_bHB
365 _b995
_cINR
650 _aEnvironmental Problems
_996339
906 _aan ; avenue ; better ; Environmental ; protection: ; tomorrow
942 _2ddc
_cBK
999 _c170806
_d170806